000 00452nam a2200169 i 4500
001 40461
003 ES-MaACL
005 20230906160227.0
007 t|
008 030306s1955 sp ||||1| cat d
100 1 _aCardó, Carles.
_935168
245 1 0 _aEmmanuel
_b: estudis sobre Jesucrist /
_cCarles Cardó.
250 _a[1ª ed.].
260 _aBarcelona :
_bAriel,
_c1955.
300 _a261 p. ;
_c22 cm.
852 _aES-MaACL
_jC-10243
_bR.38187
999 _c40461
_d40461